01481nam a2200289 a 4500001001000000003000900010005001700019007000300036008004100039040003000080082003200110110002700142240002600169245036000195250005400555264004900609300002700658336002700685337003300712338002800745500023400773650005901007650005001066650003401116651003801150700000301188000043899DO-SdBNP20240626114216.0ta240626s2000 dr 000 0 spa d aDO-SdBNPbspacBNPHUerda a344.729301bR426c, 20002221 aRepública Dominicana10a[Código de trabajo]10aCódigo de trabajo de la Repúbliica Dominicana :bley 16-92 promulgada el 29 de mayo de 1992, modificado en los Arts. 177, 184, 222, 263, 264, 467 y 473 : Reglamento para la apliación, Decreto no. 258-93 del 1ro de octubre de 1993, Reglamento para la apliación, Decreto no. 258-93 del 1ro de octubre de 1993, resoluciones del secretario de trabajo  a10a. edición, corregida ,actualizada y ampliada aMoca, República Dominicana :bDalis,c2000 a472 paginas ;c25 cm. 2rdacontentatextobtxt 2rdamediaasin mediaciónbn 2rdacarrieravolumenbnc aLegislación complementarias y comentarios del Lic. Carlos Hernández Contreras : convenios internacionales de la Organización Internacional del Trabajo O.I:T., ratificado por el Congreso Nacional de la República Dominicana 4aDerecho laboralxLegislaciónzRepública Dominicana 4aLegislación laboralzRepública Dominicana 4aLeyesxRepública dominicana 4aRepública DominicanaxLey 16-92